Electromagnetic Engineering (Record no. 8118)

MARC details
000 -LEADER
fixed length control field 00419nam a2200169Ia 4500
008 - FIXED-LENGTH DATA ELEMENTS--GENERAL INFORMATION
fixed length control field 221030s9999 xx 000 0 und d
041 ## - LANGUAGE CODE
Language code of text/sound track or separate title
082 ## - DEWEY DECIMAL CLASSIFICATION NUMBER
Classification number 105.23
Item number Kha
100 ## - MAIN ENTRY--AUTHOR NAME
Personal name G. K. Kharate
245 #0 - TITLE STATEMENT
Title Electromagnetic Engineering
Statement of responsibility, etc by G. K. Kharate, S. S. Narkhede
250 ## - EDITION STATEMENT
Edition statement 2nd
260 ## - PUBLICATION, DISTRIBUTION, ETC. (IMPRINT)
Name of publisher Technical Pub.
Place of publication Pune
Year of publication 2001
300 ## - PHYSICAL DESCRIPTION
Number of Pages 559
650 ## - SUBJECT ADDED ENTRY--TOPICAL TERM
Topical Term EMT
700 ## - ADDED ENTRY--PERSONAL NAME
Personal name S. S. Narkhede
942 ## - ADDED ENTRY ELEMENTS (KOHA)
Koha item type Books
Holdings
Accession Number Cost, normal purchase price Full call number Price effective from Koha item type Withdrawn / writtenoff status Materials specified (bound volume or other part) Damaged status Not for loan Permanent Location Current Location Shelving location Date acquired Lost/ Missing status department
BE 6216 240.00 105.23 Kha 10/30/2022 Books   Print     MIET Library, Jammu MIET Library, Jammu BL-First, FL-1, CUP-8, SH-2, R-2 12/19/2002   BE